000 00679nam a2200217Ii 4500
003 JO-AjNU
008 230605s9999||||xx |||||||||||||| ||und||
017 _a2002/12/2841
040 _aJO-AjNU
_bara
_erda
_cJO-AjNU
041 _aara
050 1 4 _aBP137 2003
100 3 _aعودة الله، وائل,
_eauthor
_910428
245 0 0 _aقصص الأنبياء للأطفال
250 _aط1
264 3 1 _aعمان: دار الخليج للنشر والتوزيع، 2003
300 _a94ص
336 _atext
_btxt
_2rdacontent
337 _aunmediated
_bn
_2rdamedia
338 _avolume
_bnc
_2rdacarrier
650 4 _aالقصص الدينية- قصص الاطفال
_910429
999 _aA1801
_c5369
_d5369